Library Logo

Pioneer International University Library Catalogue

The crucible (Record no. 9429)

MARC details
000 -LEADER
fixed length control field 00393nam a22001457a 4500
005 - DATE AND TIME OF LATEST TRANSACTION
control field 20250901165813.0
008 - FIXED-LENGTH DATA ELEMENTS--GENERAL INFORMATION
fixed length control field 250327b |||||||| |||| 00| 0 eng d
020 ## - INTERNATIONAL STANDARD BOOK NUMBER
International Standard Book Number 9780435232818
050 ## - LIBRARY OF CONGRESS CALL NUMBER
Classification number PS 3525 .M55 1992
245 ## - TITLE STATEMENT
Title The crucible
Statement of responsibility, etc. Arthur Miller
260 ## - PUBLICATION, DISTRIBUTION, ETC.
Place of publication, distribution, etc. Oxford:
Name of publisher, distributor, etc. Heinemann,
Date of publication, distribution, etc. 1992
300 ## - PHYSICAL DESCRIPTION
Extent 139 p.
Dimensions 21 cm.
500 ## - GENERAL NOTE
Linkage Notes and questions by Maureen Blakesley
942 ## - ADDED ENTRY ELEMENTS (KOHA)
Source of classification or shelving scheme Library of Congress Classification
Holdings
Withdrawn status Lost status Source of classification or shelving scheme Damaged status Not for loan Collection Home library Current library Shelving location Date acquired Source of acquisition Total checkouts Full call number Barcode Date last seen Copy number Price effective from Koha item type Date last checked out
    Library of Congress Classification       Main Library Main Library   03/21/2025 Donation from KICD   PS 3525 .M55 1992 PIUD0000386 03/27/2025 1 03/27/2025 Books  
    Library of Congress Classification       Main Library PIU Library   03/21/2025 Donation from KICD 1 PS 3525 .M55 1992 PIUD0000387 10/14/2025 2 03/27/2025 Books 09/30/2025